000 00359nam a2200145Ia 4500
005 20250423094628.0
008 250422s9999 xx 000 0 und d
020 _a964-6054-48-X
100 _aKeshavarz, M. Hossein
245 0 _aBritish - American Pronunciation Dictionary
260 _aTehran
300 _a85 p
650 _aPronunciation
942 _cBK
999 _c27817
_d27817